| 000 | 00444nam a2200169Ia 4500 | ||
|---|---|---|---|
| 008 | 220204s9999 xx 000 0 und d | ||
| 082 |
_a581.5 _bTOW |
||
| 100 | _aCALOW, Peter | ||
| 245 | 0 | _aPhysiological ecology: An evoluationary approach to resource | |
| 260 |
_aOxford _bBlackwell _c1981 |
||
| 650 | _aEcology | ||
| 650 | _aEnergetics | ||
| 650 | _aPhylogeny | ||
| 650 | _aPlant evolution | ||
| 700 | _aTOWNSEND, Colin R | ||
| 942 | _cBK | ||
| 999 |
_c36509 _d36509 |
||